00769nam a2200193 a 4500008004100000020001800041050001900059100001900078245008400097260002700181300003500208650001400243650002000257650002800277700001700305995010100322999001700423952013500440210212s2005 ||||||||||||||||| || u a9780393937329 aJC 75 .D36 Obe aCarnes, Mark C14aThe threshold of democracy : Athens in 403 B.C.cBy Josiah Ober; Mark C. Carnes aNew YorkbNortonc2005 avii, 118 pages : illustrations aDEMOCRACY aGREECE--ANTHENS aPOLITICS AND GOVERNMENT aOber, Josiah D64.82FCBU-MAIN LIBRARY (Kitwe)M1UAVAILABLEWFeb 18, 2021ZMain Library Open Access Collection c59887d59887 00102lcc4070a001b001cMain Library Open Access Collectiond2022-11-30l0oJC 75 .D36 Obep750703r2022-11-30w2022-11-30y002